[Event "Junior Online 4NCL Division 5"]
[Site "online"]
[Date "2020.06.04"]
[Round "8.25"]
[White "Evans, Macsen"]
[Black "Brown, William"]
[Result "1-0"]
[WhiteElo "691"]
[BlackElo "917"]
[PlyCount "39"]
[EventDate "2020.06.04"]
[WhiteTeam "TSK Tigers C"]
[BlackTeam "Robin Hoods 6"]

1. e4 e6 2. Bb5 c6 3. Bf1 b5 4. Nc3 Bb4 5. Nf3 d5 6. exd5 cxd5 7. Bxb5+ Bd7 8.
Bd3 Qb6 9. O-O Ba5 10. Ng5 g6 11. Qf3 Nc6 12. b4 Bxb4 13. Be2 Nd4 14. Qd3 Bb5
15. Nxb5 Nxb5 16. Rb1 Na3 17. Bxa3 Bc5 18. Rxb6 Bxb6 19. Bf3 f6 20. Nxe6 1-0

[Event "Junior Online 4NCL Division 5"]
[Site "online"]
[Date "2020.06.04"]
[Round "8.26"]
[White "Stokes, Matthew"]
[Black "Quin, Nicolas"]
[Result "0-1"]
[WhiteElo "880"]
[BlackElo "660"]
[PlyCount "84"]
[EventDate "2020.06.04"]
[WhiteTeam "Robin Hoods 6"]
[BlackTeam "TSK Tigers C"]

1. d4 d5 2. c4 dxc4 3. Nf3 Bg4 4. Bf4 Bxf3 5. exf3 Nc6 6. Bxc4 Nxd4 7. Be3 e5
8. O-O Bc5 9. Nc3 Nf6 10. Qa4+ Nd7 11. Rfd1 O-O 12. f4 exf4 13. Bxf4 Nb6 14.
Qb5 Qf6 15. Bxc7 Nxb5 16. Bxb5 Qxf2+ 17. Kh1 Qxb2 18. Be5 Rfd8 19. h3 Rxd1+ 20.
Rxd1 f6 21. Bd4 Bxd4 22. Rxd4 Qxc3 23. Rd1 a6 24. Rd3 Qa1+ 25. Kh2 axb5 26. Rf3
Qxa2 27. Kg1 Qd5 28. Kh2 Qe5+ 29. Rg3 f5 30. h4 f4 31. Rg5 f3+ 32. g3 Qe2+ 33.
Kh3 Qg2+ 34. Kg4 f2 35. Rf5 f1=Q 36. Rxf1 Qxf1 37. h5 Qc4+ 38. Kh3 Ra3 39. Kh2
Qe6 40. Kg2 Qf5 41. Kh2 Ra2+ 42. Kg1 Qb1# 0-1

[Event "Junior Online 4NCL Division 5"]
[Site "online"]
[Date "2020.06.04"]
[Round "8.28"]
[White "Stoyanov, Boris"]
[Black "Squirrell, Baxter"]
[Result "1-0"]
[WhiteElo "857"]
[BlackElo "589"]
[PlyCount "47"]
[EventDate "2020.06.04"]
[WhiteTeam "Robin Hoods 6"]
[BlackTeam "TSK Tigers C"]

1. d4 d5 2. f3 Nc6 3. c3 Nf6 4. f4 e6 5. Nf3 Nh5 6. e3 Be7 7. Ne5 Bh4+ 8. g3
Bf6 9. Qxh5 O-O 10. Bd3 g6 11. Qh6 Qd6 12. O-O a6 13. f5 Bg7 14. Qg5 f6 15. Qh4
fxe5 16. fxg6 hxg6 17. Bxg6 Rxf1+ 18. Kxf1 Kf8 19. e4 Rb8 20. Bg5 exd4 21. Bf6
Bxf6 22. Qxf6+ Kg8 23. Qf7+ Kh8 24. Qh7# 1-0

[Event "Junior Online 4NCL Division 5"]
[Site "online"]
[Date "2020.06.04"]
[Round "8.29"]
[White "Brown, William"]
[Black "Evans, Macsen"]
[Result "0-1"]
[WhiteElo "917"]
[BlackElo "691"]
[PlyCount "28"]
[EventDate "2020.06.04"]
[WhiteTeam "Robin Hoods 6"]
[BlackTeam "TSK Tigers C"]

1. e4 e5 2. Bc4 Nf6 3. Qh5 Nxh5 4. Bxf7+ Kxf7 5. d4 Qh4 6. Bg5 Qxg5 7. f4 Qxg2
8. Nf3 Qxh1+ 9. Ng1 Qxg1+ 10. Ke2 Nxf4+ 11. Kf3 Qxd4 12. h3 Nxh3 13. Kg2 Nf4+
14. Kh1 Qxe4+ 0-1

[Event "Junior Online 4NCL Division 5"]
[Site "online"]
[Date "2020.06.04"]
[Round "8.30"]
[White "Quin, Nicolas"]
[Black "Stokes, Matthew"]
[Result "1-0"]
[WhiteElo "660"]
[BlackElo "880"]
[PlyCount "71"]
[EventDate "2020.06.04"]
[WhiteTeam "TSK Tigers C"]
[BlackTeam "Robin Hoods 6"]

1. e4 e5 2. Nf3 Nc6 3. Bc4 Bc5 4. Nc3 Nf6 5. O-O Nxe4 6. Nxe5 Nxe5 7. d4 d5 8.
dxe5 O-O 9. Bxd5 Nxc3 10. bxc3 Bf5 11. Bxb7 Rb8 12. Qxd8 Rfxd8 13. Bg5 f6 14.
exf6 gxf6 15. Bxf6 Rd2 16. Bf3 Rxc2 17. Rad1 Kf7 18. Rd5 Kxf6 19. Rxc5 Rc8 20.
Rc6+ Be6 21. Bg4 Re8 22. Re1 Rxa2 23. g3 Ra5 24. Bxe6 Ra2 25. Bxa2+ Kg5 26.
Rxe8 Kg4 27. Rc4+ Kf5 28. g4+ Kf6 29. Rxc7 Kg5 30. Rg8+ Kf6 31. g5+ Kf5 32.
Rf7+ Kg4 33. Be6+ Kh5 34. f3 Kh4 35. Rf4+ Kh5 36. Bf7# 1-0

[Event "Junior Online 4NCL Division 5"]
[Site "online"]
[Date "2020.06.04"]
[Round "8.31"]
[White "Clay, Jonathan"]
[Black "Choung, James Alexander"]
[Result "0-1"]
[WhiteElo "887"]
[BlackElo "630"]
[PlyCount "60"]
[EventDate "2020.06.04"]
[WhiteTeam "Robin Hoods 6"]
[BlackTeam "TSK Tigers C"]

1. e4 e5 2. Nf3 Nc6 3. Nc3 Bb4 4. Bb5 Nf6 5. d3 h6 6. h3 O-O 7. O-O Ne7 8. Be3
c6 9. Bc4 b5 10. Bb3 Bxc3 11. bxc3 Qa5 12. c4 bxc4 13. Bxc4 d5 14. Bb3 dxe4 15.
dxe4 Nxe4 16. Nd2 Rd8 17. Qe2 Rxd2 18. Qc4 Ba6 19. Qxf7+ Kh7 20. Bxh6 Kxh6 21.
Qxe7 Qd8 22. Qh4+ Qxh4 23. Rae1 Rxf2 24. Bf7 Qg3 25. Rxf2 Qxf2+ 26. Kh2 Qxe1
27. c3 Qxc3 28. a4 Rf8 29. Be6 Rf1 30. g3 Qxg3# 0-1

[Event "Junior Online 4NCL Division 5"]
[Site "online"]
[Date "2020.06.04"]
[Round "8.32"]
[White "Squirrell, Baxter"]
[Black "Stoyanov, Boris"]
[Result "0-1"]
[WhiteElo "589"]
[BlackElo "857"]
[PlyCount "188"]
[EventDate "2020.06.04"]
[WhiteTeam "TSK Tigers C"]
[BlackTeam "Robin Hoods 6"]

1. e4 e5 2. Nf3 Nc6 3. Bc4 Bc5 4. c3 Nf6 5. d4 exd4 6. cxd4 Bb4+ 7. Nc3 d6 8.
Qd3 Ne7 9. a3 Bxc3+ 10. bxc3 c5 11. O-O Bg4 12. Ng5 d5 13. Bb5+ Nc6 14. dxc5
dxe4 15. Qxd8+ Kxd8 16. Nxf7+ Ke8 17. Nxh8 Ke7 18. f3 Be6 19. Bb2 Rxh8 20. Rad1
a6 21. Be2 e3 22. c4 b5 23. cxb5 axb5 24. Bxb5 Na5 25. c6 e2 26. Bxe2 Nxc6 27.
Bb5 Na5 28. Bc3 Nb3 29. a4 Rc8 30. Bb4+ Kf7 31. a5 Rb8 32. Bd6 Rxb5 33. a6 Ra5
34. Bb4 Rxa6 35. h3 Nd5 36. Rfe1 Nxb4 37. g4 Nc2 38. Re4 Ra2 39. f4 Nc5 40. Re5
Nd7 41. Rb5 Ne3 42. Re1 Rg2+ 43. Kh1 Bc4 44. Rb7 Bd5 45. Rxd7+ Ke6 46. Rxg7
Rg3+ 47. Kh2 Rg2+ 48. Kh1 Bc4 49. Rxh7 Kf6 50. Rh6+ Kg7 51. Rc6 Bd5 52. Rc7+
Kf6 53. g5+ Kf5 54. Rxe3 Re2+ 55. Rf3 Bxf3+ 56. Kg1 Rg2+ 57. Kf1 Re2 58. Rf7+
Kg6 59. f5+ Kxf7 60. h4 Re5 61. f6 Bh5 62. Kf2 Re4 63. Kg3 Rg4+ 64. Kh3 Ra4 65.
g6+ Kxg6 66. f7 Kxf7 67. Kg3 Ra3+ 68. Kf4 Ra4+ 69. Kg5 Bg6 70. h5 Ra8 71. hxg6+
Kg7 72. Kf5 Ra5+ 73. Ke6 Kxg6 74. Kd6 Rf5 75. Ke6 Rf6+ 76. Ke5 Kg5 77. Ke4 Rf5
78. Kd4 Kg4 79. Ke4 Kg5 80. Ke3 Rf4 81. Ke2 Kg4 82. Ke3 Kg3 83. Ke2 Rf3 84. Kd2
Kf4 85. Ke2 Ke4 86. Kd2 Re3 87. Kc2 Kd4 88. Kd2 Ke4 89. Kc2 Kd4 90. Kd2 Rd3+
91. Kc2 Kc4 92. Kb2 Rc3 93. Kb1 Kb3 94. Ka1 Rc1# 0-1

[Event "Junior Online 4NCL Division 5"]
[Site "online"]
[Date "2020.06.04"]
[Round "8.35"]
[White "Abraham, Lexi"]
[Black "Agrawal, Anay"]
[Result "0-1"]
[WhiteElo "850"]
[BlackElo "1210"]
[PlyCount "40"]
[EventDate "2020.06.04"]
[WhiteTeam "Blue Foxes 3"]
[BlackTeam "Hallfield School C"]

1. e4 e5 2. Nf3 Nc6 3. Bc4 Bc5 4. Nc3 h6 5. d3 Nf6 6. Be3 Bb6 7. d4 exd4 8.
Bxd4 Nxd4 9. Nxd4 d6 10. Nf3 Qe7 11. Qe2 Be6 12. Bxe6 Qxe6 13. e5 dxe5 14. Nxe5
O-O 15. Nb5 Ng4 16. Nxg4 Rae8 17. Qxe6 Rxe6+ 18. Kf1 c6 19. Nc3 Rfe8 20. Re1
Rxe1# 0-1

[Event "Junior Online 4NCL Division 5"]
[Site "online"]
[Date "2020.06.04"]
[Round "8.36"]
[White "Khashu, Rohan"]
[Black "Hilmi, Sofia"]
[Result "0-1"]
[WhiteElo "1097"]
[BlackElo "812"]
[PlyCount "60"]
[EventDate "2020.06.04"]
[WhiteTeam "Hallfield School C"]
[BlackTeam "Blue Foxes 3"]

1. e4 e5 2. Nc3 Nf6 3. Nf3 Nc6 4. d3 Bb4 5. Bg5 Bxc3+ 6. bxc3 d6 7. Bxf6 Qxf6
8. g4 Bxg4 9. Bg2 O-O 10. Qb1 Bxf3 11. Bxf3 Qxf3 12. Rg1 b6 13. Qc1 Qh5 14. Qg5
Qxg5 15. Rxg5 h6 16. Rg1 Ne7 17. Rb1 Ng6 18. Rb4 Nh4 19. Rg2 Nxg2+ 20. Kf1 Nf4
21. Rc4 c5 22. Ra4 a5 23. Ra3 a4 24. Rxa4 Rxa4 25. c4 Rxa2 26. Ke1 Rxc2 27. Kd1
Rxf2 28. Ke1 Rxh2 29. Kd1 Ra8 30. Kc1 Ra1# 0-1

[Event "Junior Online 4NCL Division 5"]
[Site "online"]
[Date "2020.06.04"]
[Round "8.37"]
[White "Ahmad, Amelia"]
[Black "Gandhi, Preesh"]
[Result "0-1"]
[WhiteElo "775"]
[BlackElo "947"]
[PlyCount "52"]
[EventDate "2020.06.04"]
[WhiteTeam "Blue Foxes 3"]
[BlackTeam "Hallfield School C"]

1. e4 e5 2. Nc3 Nc6 3. Nf3 Nf6 4. d3 Bc5 5. Be3 d6 6. Bxc5 dxc5 7. Be2 O-O 8.
O-O Be6 9. b3 b6 10. Re1 Nd4 11. Na4 Bg4 12. h3 Bh5 13. g4 Bg6 14. Nxd4 cxd4
15. h4 h6 16. h5 Bh7 17. b4 Qd7 18. Nb2 Ne8 19. Bf3 Qb5 20. Kf1 Qxb4 21. Ke2
Qxb2 22. Rb1 Qa3 23. Rb3 Qe7 24. Qd2 Nf6 25. Rb4 c5 26. Ra4 Qd7 0-1

[Event "Junior Online 4NCL Division 5"]
[Site "online"]
[Date "2020.06.04"]
[Round "8.38"]
[White "Patel, Diah Dipal"]
[Black "Dyer, Emily"]
[Result "1-0"]
[WhiteElo "707"]
[BlackElo "820"]
[PlyCount "33"]
[EventDate "2020.06.04"]
[WhiteTeam "Hallfield School C"]
[BlackTeam "Blue Foxes 3"]

1. e4 e5 2. Nf3 Bc5 3. Nc3 Nc6 4. Bc4 Nf6 5. O-O O-O 6. d3 d6 7. Bg5 Bg4 8. Nd5
Nd4 9. c3 c6 10. Nxf6+ gxf6 11. Bh4 Nxf3+ 12. gxf3 Bh5 13. d4 d5 14. exd5 cxd5
15. Bb3 Bb6 16. dxe5 fxe5 17. Bxd8 1-0

[Event "Junior Online 4NCL Division 5"]
[Site "online"]
[Date "2020.06.04"]
[Round "8.39"]
[White "Agrawal, Anay"]
[Black "Abraham, Lexi"]
[Result "1-0"]
[WhiteElo "1210"]
[BlackElo "850"]
[PlyCount "39"]
[EventDate "2020.06.04"]
[WhiteTeam "Hallfield School C"]
[BlackTeam "Blue Foxes 3"]

1. d4 d5 2. c4 dxc4 3. e4 Be6 4. Qa4+ c6 5. Bxc4 Bxc4 6. Qxc4 Nd7 7. Nc3 Ngf6
8. d5 cxd5 9. exd5 Nb6 10. Qd3 Nfxd5 11. Qb5+ Qd7 12. Qxd7+ Kxd7 13. Nxd5 Nxd5
14. Nf3 Nb4 15. O-O Nc2 16. Rd1+ Kc8 17. Rb1 Nb4 18. Be3 Nxa2 19. Rbc1+ Kb8 20.
Rd8# 1-0

[Event "Junior Online 4NCL Division 5"]
[Site "online"]
[Date "2020.06.04"]
[Round "8.40"]
[White "Hilmi, Sofia"]
[Black "Khashu, Rohan"]
[Result "1-0"]
[WhiteElo "812"]
[BlackElo "1097"]
[PlyCount "87"]
[EventDate "2020.06.04"]
[WhiteTeam "Blue Foxes 3"]
[BlackTeam "Hallfield School C"]

1. d4 d5 2. Nc3 Nf6 3. Nf3 Nc6 4. Bg5 e6 5. e3 b6 6. Bb5 Bd7 7. O-O h6 8. Bh4
g5 9. Bg3 a6 10. Ba4 b5 11. Bb3 g4 12. Ne5 Nxe5 13. Bxe5 h5 14. Ne2 a5 15. a3
a4 16. Ba2 Bg7 17. Ng3 h4 18. Ne2 g3 19. fxg3 hxg3 20. Nxg3 Ke7 21. Qf3 Qg8 22.
Bxf6+ Bxf6 23. Qxf6+ Ke8 24. Rf2 Qh7 25. h3 Qg8 26. Raf1 Rh7 27. Bb1 Bc8 28. c3
Ra6 29. Bxh7 Qxh7 30. Qxf7+ Qxf7 31. Rxf7 Kd8 32. Rh7 Bd7 33. Rf8+ Be8 34. Nh5
Ra8 35. Ng7 Kc8 36. Rxe8+ Kb7 37. Rxa8 Kxa8 38. Nxe6 Kb8 39. Rxc7 Ka8 40. h4
Kb8 41. h5 Ka8 42. h6 Kb8 43. h7 Ka8 44. h8=Q# 1-0

[Event "Junior Online 4NCL Division 5"]
[Site "online"]
[Date "2020.06.04"]
[Round "8.41"]
[White "Gandhi, Preesh"]
[Black "Ahmad, Amelia"]
[Result "1-0"]
[WhiteElo "947"]
[BlackElo "775"]
[PlyCount "41"]
[EventDate "2020.06.04"]
[WhiteTeam "Hallfield School C"]
[BlackTeam "Blue Foxes 3"]

1. e4 e5 2. Nf3 Nc6 3. Bc4 Bc5 4. d3 Nf6 5. Ng5 O-O 6. O-O Qe8 7. Qf3 Nd4 8.
Qe3 Nxc2 9. Qxc5 Nxa1 10. Qxc7 Ng4 11. Na3 Qe7 12. Bd2 h6 13. Nf3 Nf6 14. Rxa1
g5 15. Bc3 h5 16. Bxe5 Ng4 17. Bc3 Qd8 18. Qd6 h4 19. Qd4 Nf6 20. Qxf6 Qxf6 21.
Bxf6 1-0

[Event "Junior Online 4NCL Division 5"]
[Site "online"]
[Date "2020.06.04"]
[Round "8.42"]
[White "Dyer, Emily"]
[Black "Patel, Diah Dipal"]
[Result "0-1"]
[WhiteElo "820"]
[BlackElo "707"]
[PlyCount "60"]
[EventDate "2020.06.04"]
[WhiteTeam "Blue Foxes 3"]
[BlackTeam "Hallfield School C"]

1. e4 e5 2. Qh5 Nc6 3. Bc4 Nh6 4. Qf3 d6 5. d3 Bg4 6. Qg3 d5 7. exd5 Nd4 8.
Qxe5+ Be7 9. Qxd4 O-O 10. Nf3 Bf6 11. Qe3 c6 12. dxc6 bxc6 13. Qc5 Qe8+ 14. Be3
Bxb2 15. O-O Bxa1 16. Na3 Bf6 17. Bb3 Be7 18. Qe5 Bf5 19. Ba4 Ng4 20. Qc3 Bf6
21. Qe1 Be7 22. Qc3 Qd8 23. Bxc6 Qc8 24. Nd4 Bd7 25. Bd2 Bf6 26. Bxa8 Qxa8 27.
Qb4 Bxd4 28. Qxd4 Rd8 29. Bg5 Qb8 30. Bxd8 Qxh2# 0-1

[Event "Junior Online 4NCL Division 5"]
[Site "online"]
[Date "2020.06.04"]
[Round "8.45"]
[White "Biswas, Snigdha"]
[Black "Friedersdorff, Finlay"]
[Result "0-1"]
[WhiteElo "300"]
[BlackElo "887"]
[PlyCount "98"]
[EventDate "2020.06.04"]
[WhiteTeam "East Kilbride Rooks"]
[BlackTeam "Leicestershire Juniors 6"]

1. e4 e5 2. Nf3 Nc6 3. Nc3 Bc5 4. Bc4 Nf6 5. Ng5 O-O 6. Nf3 d6 7. d3 Bg4 8. Bg5
Nd4 9. Qe2 Bxf3 10. Qe3 Nxc2+ 11. Kd2 Nxe3 12. fxe3 Bxg2 13. Rhg1 Bf3 14. Bh6
Ng4 15. d4 Nxh6 16. dxc5 dxc5+ 17. Kc2 Rb8 18. Rad1 Bxd1+ 19. Rxd1 Qe7 20. Nd5
Qe8 21. Nxc7 Qc8 22. Nd5 Qc6 23. a3 Qa4+ 24. b3 Qxa3 25. Ne7+ Kh8 26. Rf1 Qa2+
27. Kc3 Qa5+ 28. Kd3 Rbe8 29. Nd5 Rd8 30. Ke2 Qa2+ 31. Kd3 Rxd5+ 32. Bxd5 Rd8
33. Kc4 Qc2+ 34. Kb5 Rxd5 35. exd5 Qd3+ 36. Kxc5 Qxf1 37. d6 Qf6 38. d7 Qe7+
39. Kb5 Qxd7+ 40. Kc5 b6+ 41. Kc4 Qc6+ 42. Kd3 e4+ 43. Ke2 Qc2+ 44. Ke1 Ng4 45.
b4 Nxe3 46. h4 Ng2+ 47. Kf1 Qd2 48. h5 Ne3+ 49. Kg1 Qg2# 0-1

[Event "Junior Online 4NCL Division 5"]
[Site "online"]
[Date "2020.06.04"]
[Round "8.46"]
[White "Lombardo, Martino"]
[Black "Bhattacharjee, Aaditya"]
[Result "0-1"]
[WhiteElo "917"]
[BlackElo "250"]
[PlyCount "106"]
[EventDate "2020.06.04"]
[WhiteTeam "Leicestershire Juniors 6"]
[BlackTeam "East Kilbride Rooks"]

1. Nc3 e5 2. Nf3 Nc6 3. e4 Nf6 4. Bc4 Nxe4 5. Nxe4 d5 6. Bb5 dxe4 7. Nxe5 Bc5
8. O-O O-O 9. Bc4 Nxe5 10. Bb5 Bg4 11. Be2 Bxe2 12. Qxe2 Re8 13. Qxe4 Nc6 14.
Qc4 b6 15. d3 Na5 16. Qg4 Nc6 17. b3 Ne5 18. Qg3 Bd4 19. Bh6 Nc6 20. Rac1 Be5
21. Qh4 Qxh4 22. h3 Qxh6 23. Rce1 Qf4 24. g3 Qf3 25. Re3 Qh5 26. g4 Qg5 27.
Rfe1 Qf4 28. Kf1 Re7 29. c3 Rae8 30. d4 Bd6 31. d5 Na5 32. c4 Bc5 33. R3e2 Bxf2
34. Rxe7 Rxe7 35. Rxe7 Bc5+ 36. Ke2 Bxe7 37. b4 Qxc4+ 38. Kf2 Bxb4 39. Kg3 Qxd5
40. Kf2 Qxa2+ 41. Kg3 g5 42. Kf3 Qd2 43. Kg3 Bd6+ 44. Kf3 Qf4+ 45. Ke2 Qd4 46.
Kf3 b5 47. Ke2 b4 48. Kf3 b3 49. Ke2 b2 50. Kf3 b1=Q 51. Ke2 Qb3 52. Kf1 Qd2
53. Kg1 Qb1# 0-1

[Event "Junior Online 4NCL Division 5"]
[Site "online"]
[Date "2020.06.04"]
[Round "8.47"]
[White "Vinodh, Sampriti"]
[Black "Kadir, Karo"]
[Result "0-1"]
[WhiteElo "200"]
[BlackElo "850"]
[PlyCount "120"]
[EventDate "2020.06.04"]
[WhiteTeam "East Kilbride Rooks"]
[BlackTeam "Leicestershire Juniors 6"]

1. e4 e5 2. Bc4 Nf6 3. Nc3 Nc6 4. Nf3 Bc5 5. O-O d6 6. d3 O-O 7. Bg5 Re8 8. Nd5
Kh8 9. Bxf6 gxf6 10. Re1 Be6 11. Nc3 Bxc4 12. dxc4 Kg8 13. Nd2 Nd4 14. Re3 Nc6
15. Rg3+ Kh8 16. Qg4 Rg8 17. Qh3 Rxg3 18. Qxg3 Nd4 19. Rc1 Qg8 20. Qd3 Qg7 21.
Qf1 Rg8 22. Re1 Nxc2 23. Re2 Nd4 24. Re3 Qf8 25. Rg3 Rxg3 26. fxg3 Nf3+ 27. Kh1
Nxd2 28. Qd3 Nxc4 29. Qxc4 Qh6 30. Qe2 Qc1+ 31. Nd1 Qa1 32. g4 Qxa2 33. Nf2
Qb1+ 34. Nd1 a5 35. g5 fxg5 36. g3 a4 37. Qd2 Qxe4+ 38. Qg2 Qxg2+ 39. Kxg2 a3
40. bxa3 Bxa3 41. Ne3 b5 42. Nd5 b4 43. Nxc7 b3 44. Nd5 b2 45. Nc3 Bb4 46. Ne4
b1=Q 47. Nxd6 Bxd6 48. h4 gxh4 49. gxh4 Qe4+ 50. Kh3 Qf4 51. h5 Kg7 52. Kg2 Qe3
53. Kf1 Qd2 54. Kg1 Qe2 55. h6+ Kxh6 56. Kh1 Qg4 57. Kh2 Kg5 58. Kh1 Kf4 59.
Kh2 Kf3 60. Kh1 Qg2# 0-1

[Event "Junior Online 4NCL Division 5"]
[Site "online"]
[Date "2020.06.04"]
[Round "8.48"]
[White "Prashanth, Shashank"]
[Black "Vusikala, Tarun"]
[Result "1-0"]
[WhiteElo "880"]
[BlackElo "103"]
[PlyCount "43"]
[EventDate "2020.06.04"]
[WhiteTeam "Leicestershire Juniors 6"]
[BlackTeam "East Kilbride Rooks"]

1. e4 c5 2. Nf3 Nc6 3. Nc3 e5 4. Bc4 Nf6 5. Ng5 d5 6. exd5 Nxd5 7. Bxd5 Qxg5 8.
d4 exd4 9. Bxg5 dxc3 10. bxc3 Ne5 11. Bf4 Ng6 12. Qe2+ Be7 13. Bg5 f6 14. Be3
Ne5 15. f4 Bg4 16. Qf1 Bf5 17. fxe5 fxe5 18. Qxf5 g6 19. Qxe5 Rf8 20. Bxc5
O-O-O 21. Bxe7 Rde8 22. Be6# 1-0

[Event "Junior Online 4NCL Division 5"]
[Site "online"]
[Date "2020.06.04"]
[Round "8.49"]
[White "Friedersdorff, Finlay"]
[Black "Biswas, Snigdha"]
[Result "0-1"]
[WhiteElo "887"]
[BlackElo "300"]
[PlyCount "42"]
[EventDate "2020.06.04"]
[WhiteTeam "Leicestershire Juniors 6"]
[BlackTeam "East Kilbride Rooks"]

1. e4 e5 2. Nf3 Nc6 3. Bc4 Nf6 4. Nc3 Bc5 5. d3 d6 6. Bg5 h6 7. Bh4 Be6 8. Bxe6
fxe6 9. O-O Qd7 10. Bxf6 gxf6 11. Nh4 O-O-O 12. Ng6 Rhg8 13. Nh4 Qg7 14. Qf3
Nd4 15. Qh3 Nxc2 16. Rac1 Nd4 17. Nb5 Nxb5 18. Qxe6+ Rd7 19. Rc4 Nd4 20. Rxd4
Bxd4 21. Nf5 Qxg2# 0-1

[Event "Junior Online 4NCL Division 5"]
[Site "online"]
[Date "2020.06.04"]
[Round "8.50"]
[White "Bhattacharjee, Aaditya"]
[Black "Lombardo, Martino"]
[Result "0-1"]
[WhiteElo "250"]
[BlackElo "917"]
[PlyCount "48"]
[EventDate "2020.06.04"]
[WhiteTeam "East Kilbride Rooks"]
[BlackTeam "Leicestershire Juniors 6"]

1. e4 Nf6 2. Nc3 Nc6 3. Nf3 e5 4. Bb5 Bc5 5. Nxe5 Nxe5 6. d4 Nxe4 7. dxc5 Nxc3
8. bxc3 O-O 9. O-O c6 10. Ba4 Nc4 11. Re1 Re8 12. Bf4 Nb2 13. Qc1 Nxa4 14. Bg5
f6 15. Qa3 fxg5 16. Qb3+ Kf8 17. Qxa4 Rxe1+ 18. Rxe1 a5 19. Qg4 d6 20. Qf3+ Qf6
21. Qe3 Bd7 22. cxd6 Re8 23. Qd2 Rxe1+ 24. Qxe1 Qxd6 0-1

[Event "Junior Online 4NCL Division 5"]
[Site "online"]
[Date "2020.06.04"]
[Round "8.51"]
[White "Kadir, Karo"]
[Black "Vinodh, Sampriti"]
[Result "1-0"]
[WhiteElo "850"]
[BlackElo "200"]
[PlyCount "91"]
[EventDate "2020.06.04"]
[WhiteTeam "Leicestershire Juniors 6"]
[BlackTeam "East Kilbride Rooks"]

1. e4 e5 2. Nf3 Nc6 3. Nc3 Nf6 4. Bc4 Bc5 5. d3 O-O 6. O-O a6 7. Re1 Qe8 8. Be3
Bb4 9. Qd2 Bxc3 10. Qxc3 b5 11. Bb3 a5 12. a3 a4 13. Ba2 Qe6 14. Bxe6 dxe6 15.
Qc5 Bb7 16. Nxe5 Nxe5 17. Qxe5 c6 18. Qc7 Rab8 19. Ba7 Rfc8 20. Qe7 Ra8 21. Bc5
Re8 22. Qxb7 Rac8 23. Re3 Ng4 24. Rf3 Rcd8 25. Qxf7+ Kh8 26. Qf8+ Rxf8 27.
Rxf8+ Rxf8 28. Bxf8 Kg8 29. Bc5 Ne5 30. b3 axb3 31. cxb3 Nxd3 32. Bb4 c5 33.
Ba5 Nb2 34. b4 cxb4 35. axb4 e5 36. Bc7 Nd3 37. Bd6 Kf7 38. Ra5 Nf4 39. Rxb5
Nd3 40. Rb7+ Ke8 41. b5 Nc5 42. Bxc5 g5 43. Rxh7 g4 44. b6 Kd8 45. b7 Ke8 46.
b8=Q# 1-0

[Event "Junior Online 4NCL Division 5"]
[Site "online"]
[Date "2020.06.04"]
[Round "8.52"]
[White "Vusikala, Tarun"]
[Black "Prashanth, Shashank"]
[Result "1/2-1/2"]
[WhiteElo "103"]
[BlackElo "880"]
[PlyCount "71"]
[EventDate "2020.06.04"]
[WhiteTeam "East Kilbride Rooks"]
[BlackTeam "Leicestershire Juniors 6"]

1. d4 d5 2. c4 e6 3. c5 Nc6 4. Nf3 b6 5. cxb6 cxb6 6. Nc3 Nf6 7. Bf4 Bd6 8.
Bxd6 Qxd6 9. e3 e5 10. dxe5 Nxe5 11. Bb5+ Bd7 12. Bxd7+ Nfxd7 13. Nxe5 Nxe5 14.
O-O h5 15. Qxd5 Qxd5 16. Nxd5 O-O 17. Ne7+ Kh8 18. Rac1 Ng6 19. Nxg6+ fxg6 20.
Rc6 Rf6 21. Rxf6 gxf6 22. Rc1 a5 23. Rc6 a4 24. Rxb6 Kg7 25. g3 a3 26. bxa3
Rxa3 27. Rb7+ Kh6 28. Rb6 f5 29. Rb3 Rxa2 30. f3 Ra1+ 31. Kg2 Ra2+ 32. Kh1 Ra1+
33. Kg2 Ra2+ 34. Kg1 Ra1+ 35. Kf2 Ra2+ 36. Kg1 1/2-1/2

[Event "Junior Online 4NCL Division 5"]
[Site "online"]
[Date "2020.06.04"]
[Round "8.55"]
[White "Arora, Aarav"]
[Black "Smith, Mia"]
[Result "1-0"]
[WhiteElo "1007"]
[BlackElo "1075"]
[PlyCount "53"]
[EventDate "2020.06.04"]
[WhiteTeam "Watford 5"]
[BlackTeam "Harrow Juniors G"]

1. e4 e5 2. Nf3 Nc6 3. Bc4 Nf6 4. Nc3 Bb4 5. O-O d6 6. Re1 O-O 7. d3 Bg4 8. Bd2
Bxc3 9. Bxc3 Qd7 10. h3 Bxf3 11. Qxf3 Na5 12. Bxa5 b6 13. Bc3 a5 14. a4 h6 15.
Bb5 Qe7 16. Rad1 Rad8 17. d4 c5 18. dxe5 dxe5 19. Rxd8 Rxd8 20. Rd1 Rxd1+ 21.
Qxd1 Nxe4 22. Qd3 Nd6 23. Bc6 Qc7 24. Bf3 c4 25. Qd2 g5 26. Bxe5 c3 27. Qxc3
1-0

[Event "Junior Online 4NCL Division 5"]
[Site "online"]
[Date "2020.06.04"]
[Round "8.56"]
[White "Patel-Davis, Riyan"]
[Black "Kalavadia, Kunal"]
[Result "1-0"]
[WhiteElo "902"]
[BlackElo "700"]
[PlyCount "31"]
[EventDate "2020.06.04"]
[WhiteTeam "Harrow Juniors G"]
[BlackTeam "Watford 5"]

1. e4 h5 2. d4 Nh6 3. Nf3 f6 4. Nc3 g6 5. Nh4 Rg8 6. Bc4 Rg7 7. Bxh6 Rh7 8.
Bxf8 Kxf8 9. Nxg6+ Ke8 10. Bg8 Rh6 11. Nh4 Nc6 12. Nf5 Rh8 13. Bd5 Na5 14. Qf3
Kf8 15. Qg3 Qe8 16. Qg7# 1-0

[Event "Junior Online 4NCL Division 5"]
[Site "online"]
[Date "2020.06.04"]
[Round "8.58"]
[White "Patel, Ryan"]
[Black "Taylor, Tamuka"]
[Result "1-0"]
[WhiteElo "700"]
[BlackElo "700"]
[PlyCount "49"]
[EventDate "2020.06.04"]
[WhiteTeam "Harrow Juniors G"]
[BlackTeam "Watford 5"]

1. e4 e5 2. Nf3 Nc6 3. d4 Bd6 4. dxe5 Bxe5 5. Nxe5 Nxe5 6. f4 Nc6 7. a3 Nf6 8.
e5 Ne4 9. Bd3 Nc5 10. Bc4 O-O 11. b4 Ne6 12. f5 Ned4 13. Bd3 d6 14. c3 Nb5 15.
Bxb5 Nb8 16. exd6 cxd6 17. Ba4 Qe7+ 18. Kf1 Bxf5 19. Qd5 Bxb1 20. Rxb1 Re8 21.
Bb2 Qe2+ 22. Kg1 Re3 23. Qxb7 Rd3 24. Qc8+ Qe8 25. Qxe8# 1-0

[Event "Junior Online 4NCL Division 5"]
[Site "online"]
[Date "2020.06.04"]
[Round "8.59"]
[White "Smith, Mia"]
[Black "Arora, Aarav"]
[Result "0-1"]
[WhiteElo "1075"]
[BlackElo "1007"]
[PlyCount "54"]
[EventDate "2020.06.04"]
[WhiteTeam "Harrow Juniors G"]
[BlackTeam "Watford 5"]

1. e4 e5 2. Nf3 Nc6 3. Nc3 Bc5 4. Bb5 Nf6 5. d3 O-O 6. Bg5 d6 7. Qe2 Bd7 8.
O-O-O Qe7 9. Na4 Nd4 10. Qe3 Nb3+ 11. Kb1 Bxe3 12. cxb3 Bxb5 13. Nc3 Bxg5 14.
Nxg5 Bc6 15. b4 Ng4 16. Rhf1 Qxg5 17. f3 Nxh2 18. Rg1 d5 19. a4 d4 20. Ne2 Bxa4
21. Rc1 Bb5 22. Rxc7 Bxd3+ 23. Ka1 Bxe2 24. Rxb7 Nxf3 25. Rc1 Nd2 26. Rc2 Nb3+
27. Ka2 d3 0-1

[Event "Junior Online 4NCL Division 5"]
[Site "online"]
[Date "2020.06.04"]
[Round "8.60"]
[White "Kalavadia, Kunal"]
[Black "Patel-Davis, Riyan"]
[Result "1/2-1/2"]
[WhiteElo "700"]
[BlackElo "902"]
[PlyCount "129"]
[EventDate "2020.06.04"]
[WhiteTeam "Watford 5"]
[BlackTeam "Harrow Juniors G"]

1. e4 e5 2. d3 Bb4+ 3. Ke2 d6 4. c3 Bc5 5. d4 Bb6 6. Na3 Bg4+ 7. f3 Bh5 8. g4
Bg6 9. dxe5 dxe5 10. Qxd8+ Kxd8 11. Bg5+ f6 12. Be3 Be8 13. f4 Bxe3 14. Kxe3 f5
15. fxe5 fxg4 16. Rd1+ Bd7 17. e6 g3 18. hxg3 Nf6 19. e5 Ng4+ 20. Kf3 Nxe5+ 21.
Ke2 Nc4 22. Nxc4 b5 23. Ne3 a5 24. exd7 Nxd7 25. Bh3 Ke8 26. Bxd7+ Ke7 27. Bxb5
Rab8 28. Rd5 c6 29. Re5+ Kd6 30. Re4 Rxb5 31. c4 Rxb2+ 32. Kf3 Rf8+ 33. Kg4 Rb7
34. Rxh7 Rbf7 35. Rh5 g6 36. Rg5 Ra8 37. Rxg6+ Kc5 38. Re5+ Kd4 39. Reg5 Kxe3
40. Rg7 Rf6 41. R5g6 Rff8 42. Nh3 a4 43. a3 Rfb8 44. Rf6 Rb3 45. Rxc6 Rxa3 46.
c5 Rd3 47. Ng5 Rd4+ 48. Kf5 a3 49. Rh7 Rd5+ 50. Ke6 Rd1 51. Rcc7 a2 52. Ra7
Re8+ 53. Kf7 a1=B 54. Rxa1 Rxa1 55. Kxe8 Ra8+ 56. Ke7 Ra7+ 57. Kf6 Ra5 58. c6
Ra8 59. g4 Rf8+ 60. Kg7 Rc8 61. Rh6 Rc7+ 62. Kg8 Rc8+ 63. Kg7 Rc7+ 64. Kh8 Rc8+
65. Kg7 1/2-1/2